000 00378nam a2200133Ia 4500
008 151021s9999 xx 000 0 und d
020 _a9.7800733797e+012
050 _aG 1046.F1 A4 1991
245 _a_Students Atlas of the world Politics[ 8th ed]
260 _aUSA McGraw- Hill 1991
300 _axv,236p;ill.
650 _a_Atlas
980 _a^d20140213 01:16:30^omwanik
999 _c13585
_d13585